Macroeconomics

Bibliographic Details
Main Author: Parkin, Michael
Format: Book
Published: Massachusetts : Addison-Wesley Publishing , 1990
Subjects:

MARC

LEADER 00000cam a2200000 7i4500
001 0000004761
002 000005133
005 20000330.0
020 |a 0201094452 
090 0 0 |a 339   |b PAR 
100 1 |a Parkin, Michael 
245 1 0 |a Macroeconomics   |c Michael Parkin 
260 |a Massachusetts :   |b Addison-Wesley Publishing ,   |c 1990 
300 |a 556p. ;   |c 25cm. 
650 0 0 |a Macroeconomics 
999 |a 037503   |b BUKU   |c PINJAMAN   |e PERPUSTAKAAN KOMUNITI PETALING JAYA 
999 |a 63750   |b BUKU   |c PINJAMAN   |e PERPUSTAKAAN KOMUNITI PETALING JAYA